000 00483nam a2200169 4500
008 0 1992 0a 000 0ESP
020 _a84-7615-807-6
050 _aQA769.D3 R6
082 _a001.6 R635b
100 _aRodríguez Almeida, Miguel Ángel
245 _aBases de Datos
260 _aEspaña : McGraw-Hill
300 _axiv, 264 p. / 23.5 cm.
500 _aIncluye glosario, índice.
650 _a1.BASE DE DATOS
700 _aPardo, Cabañas, Manuel Rev. Tec.
999 _c11783
_d11783